书目信息 |
| 题名: |
运输经济学
|
|
| 作者: | 朱伟生 主编 ;现代交通远程教育教材编委会 编 | |
| 分册: | ||
| 出版信息: | 北京 清华大学出版社 2004.7 |
|
| 页数: | 226页 | |
| 开本: | 26cm | |
| 丛书名: | 新世纪现代交通类专业系列教材 | |
| 单 册: | ||
| 中图分类: | F50-43 | |
| 科图分类: | ||
| 主题词: | 运输经济学--yun shu jing ji xue--高等教育--教材 , 运输经济学--yun shu jing ji xue | |
| 电子资源: | ||
| ISBN: | 7-81082-331-0 | |
| 000 | 01393nam0 2200349 450 | |
| 000 | 01391nam0 2200349 450 | |
| 000 | 01354nam0 2200337 450 | |
| 000 | 01311nam0 2200325 450 | |
| 000 | 01300nam0 2200325 450 | |
| 000 | 01263nam0 2200313 45 | |
| 001 | 012005000794 | |
| 005 | 20050512101010.2 | |
| 010 | @a7-81082-331-0@dCNY24.00 | |
| 100 | @a20050512d2004 em y0chiy0121 ea | |
| 101 | 0 | @achi |
| 102 | @aCN@b110000 | |
| 105 | @ak z 000yy | |
| 200 | 1 | @a运输经济学@Ayun shu jing ji xue@f朱伟生主编@Fzhu wei sheng zhu bian@g现代交通远程教育教材编委会编 |
| 210 | @a北京@c清华大学出版社@c北京交通大学出版社@d2004.7 | |
| 215 | @a226页@d26cm | |
| 225 | 2 | @a新世纪现代交通类专业系列教材@Axin shi ji xian dai jiao tong lei zhuan ye xi lie jiao cai |
| 320 | @a有书目 | |
| 330 | @a本书共12章,主要内容包括概论、运输需求、综合运输、运输市场、运价、交通运输政策、道路运输经济效益、道路运输成本、汽车运输企业经营管理等。 | |
| 333 | @a阅读对象:交通运输管理专业、物流专业学生 | |
| 461 | 0 | @12001 @a新世纪现代交通类专业系列教材 |
| 606 | 0 | @a运输经济学@Ayun shu jing ji xue@x高等教育@j教材 |
| 606 | 0 | @a运输经济学@Ayun shu jing ji xue |
| 690 | @aF50-43@v4 | |
| 701 | 0 | @a朱伟生@Azhu wei sheng@4主编 |
| 712 | 02 | @a现代交通远程教育教材编委会@Axian dai jiao tong yuan cheng jiao yu jiao cai bian wei hui@4编 |
| 801 | 0 | @aCN@bSRXX@c20050512 |
| 905 | @a10447@dF50-43@eZ880 | |
| 运输经济学/朱伟生主编/现代交通远程教育教材编委会编.-北京:清华大学出版社:北京交通大学出版社,2004.7 |
| 226页;26cm.-(新世纪现代交通类专业系列教材) |
| 使用对象:阅读对象:交通运输管理专业、物流专业学生 |
| ISBN 7-81082-331-0:CNY24.00 |
| 本书共12章,主要内容包括概论、运输需求、综合运输、运输市场、运价、交通运输政策、道路运输经济效益、道路运输成本、汽车运输企业经营管理等。 |
| ● |
| 相关链接 |
|
|
|
正题名:运输经济学
索取号:F50-43/Z880
 
预约/预借
| 序号 | 登录号 | 条形码 | 馆藏地/架位号 | 状态 | 备注 |
| 1 | 548570 | 205485704 | 社科库409/409社科库 37排5列5层/ [索取号:F50-43/Z880] | 在馆 | |
| 2 | 548571 | 205485713 | 社科二线400B/400B社科库 31排3列4层/ [索取号:F50-43/Z880] | 在馆 | |
| 3 | 548572 | 205485722 | 社科二线422/409社科库 37排5列5层/ [索取号:F50-43/Z880] | 在馆 |